[Event "Newcastle Northumbria Masters"]
[Site "Newcastle on Tyne"]
[Date "2021.08.29"]
[Round "7"]
[White "Hosdurga, Chirag"]
[Black "Dargan, Paul AG"]
[Result "0-1"]
[WhiteElo "1838"]
[BlackElo "2064"]
[PlyCount "46"]
[EventDate "2021.08.26"]
[EventType "swiss"]
[EventRounds "9"]
[EventCountry "ENG"]
[SourceTitle "CBM 204 Extra"]
[Source "ChessBase"]
[SourceDate "2021.11.30"]
[SourceVersion "1"]
[SourceVersionDate "2021.11.30"]
[SourceQuality "1"]

1. d4 Nf6 2. c4 e6 3. Nc3 Bb4 4. Qc2 0-0 5. e4 c5 6. dxc5 Bxc3+ 7. bxc3 Qa5 8. Nf3 Nxe4 9. Bd3 f5 10. Bxe4 fxe4 11. Ng5 Qxc5 12. 0-0 d5 13. Be3 Qxc4 14. f3 Qd3 15. Qf2 exf3 16. Bc5 Re8 17. Nxf3 Qf5 18. Qg3 Nd7 19. Bd4 Nf6 20. Bxf6 Qxf6 21. Ne5 Qh6 22. Ng4 Qg6 23. Nf6+ gxf6 0-1

[Event "Telford 4NCL op 22nd"]
[Site "Telford"]
[Date "2019.07.21"]
[Round "4"]
[White "Hosdurga, Chirag"]
[Black "Moore, Gerald C"]
[Result "0-1"]
[WhiteElo "1926"]
[BlackElo "2084"]
[PlyCount "80"]
[EventDate "2019.07.19"]
[EventType "swiss"]
[EventRounds "5"]
[EventCountry "ENG"]
[SourceTitle "EXT 2020"]
[Source "ChessBase"]
[SourceDate "2019.10.17"]
[SourceVersion "1"]
[SourceVersionDate "2019.10.17"]
[SourceQuality "1"]

1. d4 Nf6 2. c4 g6 3. Nc3 d5 4. Nf3 Bg7 5. Bg5 dxc4 6. e3 Be6 7. Ne5 Nd5 8. Nxc4 c5 9. Qa4+ Nc6 10. Rd1 cxd4 11. exd4 0-0 12. Be3 Nxc3 13. bxc3 Qd5 14. Qc2 Rac8 15. Bd3 b5 16. Nb2 Nb4 17. Qd2 Nxd3+ 18. Nxd3 Qxg2 19. Rf1 Bh3 20. Ke2 Bg4+ 21. Ke1 Bxd1 22. Qxd1 Qc6 23. Nc5 e5 24. d5 Qd6 25. Ne4 Qa3 26. d6 f5 27. Qd5+ Kh8 28. Bc5 Qc1+ 29. Ke2 Qc2+ 30. Nd2 Qxc3 31. Nb3 Qc4+ 32. Qxc4 bxc4 33. d7 cxb3 34. Bxf8 Rxf8 35. axb3 Rd8 36. Rc1 Kg8 37. Rc8 Bf6 38. Kd3 Kf7 39. Rc7 Ke7 40. Rxa7 Rxd7+ 0-1

[Event "London Classic op 10th"]
[Site "London"]
[Date "2018.12.15"]
[Round "8"]
[White "Yoon, Jacob D"]
[Black "Hosdurga, Chirag"]
[Result "0-1"]
[WhiteElo "2009"]
[BlackElo "1758"]
[PlyCount "52"]
[EventDate "2018.12.09"]
[EventType "swiss"]
[EventRounds "9"]
[EventCountry "ENG"]
[SourceTitle "CBM 187 Extra"]
[Source "ChessBase"]
[SourceDate "2018.11.04"]
[SourceVersion "1"]
[SourceVersionDate "2018.11.04"]
[SourceQuality "1"]

1. e4 c5 2. Nf3 Nc6 3. Bb5 d6 4. 0-0 Bd7 5. Re1 a6 6. Bf1 Bg4 7. d3 Nf6 8. Bg5 e6 9. Nbd2 Be7 10. c3 0-0 11. h3 Bh5 12. g4 Bg6 13. Nh4 d5 14. Nxg6 fxg6 15. Qe2 h6 16. Bxf6 Rxf6 17. Bg2 d4 18. e5 Rf4 19. Nf1 Bh4 20. Ng3 Qe7 21. Rf1 Raf8 22. Rac1 Qg5 23. Bxc6 bxc6 24. Rc2 Bxg3 25. cxd4 Bxf2+ 26. Kg2 Qh4 0-1

[Event "London Classic op 10th"]
[Site "London"]
[Date "2018.12.14"]
[Round "6"]
[White "Ratnesan, Ranesh"]
[Black "Hosdurga, Chirag"]
[Result "1-0"]
[WhiteElo "2055"]
[BlackElo "1758"]
[PlyCount "57"]
[EventDate "2018.12.09"]
[EventType "swiss"]
[EventRounds "9"]
[EventCountry "ENG"]
[SourceTitle "CBM 187 Extra"]
[Source "ChessBase"]
[SourceDate "2018.11.04"]
[SourceVersion "1"]
[SourceVersionDate "2018.11.04"]
[SourceQuality "1"]

1. d4 Nf6 2. Bg5 d5 3. Bxf6 exf6 4. e3 Bd6 5. g3 0-0 6. Bg2 c6 7. Ne2 Bg4 8. 0-0 Re8 9. b3 Nd7 10. Re1 Qa5 11. c3 Rad8 12. Qc2 Bh5 13. a3 Bg6 14. Qb2 Nf8 15. Nd2 Ne6 16. h4 Qc7 17. c4 dxc4 18. bxc4 Bd3 19. Nc3 Bg6 20. Rac1 Qa5 21. c5 Bxc5 22. dxc5 Nxc5 23. Bf1 Bd3 24. Qb4 Qb6 25. Nc4 Qxb4 26. axb4 Bxf1 27. Rxf1 Nd3 28. Rb1 Rc8 29. Nd6 1-0

[Event "BCF-ch U14"]
[Site "Hull"]
[Date "2018.08.03"]
[Round "6"]
[White "Hosdurga, Chirag"]
[Black "Balouka Myers, Raphael"]
[Result "1-0"]
[WhiteElo "1498"]
[BlackElo "1385"]
[PlyCount "45"]
[EventDate "2018.07.29"]
[EventType "swiss"]
[EventRounds "7"]
[EventCountry "ENG"]
[SourceTitle "CBM 186 Extra"]
[Source "ChessBase"]
[SourceDate "2018.08.24"]
[SourceVersion "1"]
[SourceVersionDate "2018.08.24"]
[SourceQuality "1"]

1. d4 Nf6 2. c4 g6 3. Nc3 d6 4. e4 Bg7 5. f4 Nbd7 6. Nf3 0-0 7. Be2 Re8 8. h3 e6 9. 0-0 Nb6 10. Be3 d5 11. e5 Nh5 12. Kh2 Bh6 13. Nd2 Qh4 14. Qe1 Qxe1 15. Raxe1 Bf8 16. c5 Nd7 17. Nb5 Rd8 18. Nxc7 Rb8 19. Nb5 Ng7 20. g4 f6 21. Nxa7 Ra8 22. Nxc8 Rdxc8 23. Bb5 1-0

[Event "GBR-ch 105th U2050"]
[Site "Hull"]
[Date "2018.08.03"]
[Round "5"]
[White "Hosdurga, Chirag"]
[Black "Rutherford, William"]
[Result "0-1"]
[WhiteElo "1498"]
[BlackElo "1962"]
[PlyCount "94"]
[EventDate "2018.07.30"]
[EventType "swiss"]
[EventRounds "5"]
[EventCountry "ENG"]
[SourceTitle "EXT 2019"]
[Source "ChessBase"]
[SourceDate "2018.10.10"]
[SourceVersion "1"]
[SourceVersionDate "2018.10.10"]
[SourceQuality "1"]

1. d4 d5 2. c4 e6 3. Nf3 Nf6 4. Nc3 Be7 5. Bf4 c6 6. e3 Nbd7 7. h3 0-0 8. c5 b6 9. b4 a5 10. a3 Ne4 11. Nxe4 dxe4 12. Nd2 e5 13. dxe5 bxc5 14. b5 cxb5 15. Bxb5 f5 16. 0-0 Nb6 17. Qb3+ Qd5 18. Qxd5+ Nxd5 19. Bc6 Nxf4 20. Bxa8 Ba6 21. exf4 Rd8 22. Bxe4 Bxf1 23. Kxf1 Rxd2 24. Bxf5 Kf7 25. Bxh7 c4 26. a4 Bc5 27. f3 Rf2+ 28. Ke1 Rxg2 29. Be4 Rg1+ 30. Kd2 Rxa1 31. Kc3 Rc1+ 32. Kd2 Ra1 33. Bc2 Bd4 34. h4 Ra3 35. Bd1 Be3+ 36. Ke2 Bxf4 37. e6+ Kxe6 38. h5 Ra2+ 39. Ke1 Ke5 40. h6 gxh6 41. Be2 c3 42. Bd3 c2 43. Bxc2 Rxc2 44. Kd1 Rh2 45. Ke1 Kd4 46. Kd1 Ke3 47. Ke1 Rh1# 0-1

[Event "BCF-ch U14"]
[Site "Hull"]
[Date "2018.07.31"]
[Round "3"]
[White "Hosdurga, Chirag"]
[Black "Ramaiya, Arushi"]
[Result "1-0"]
[WhiteElo "1498"]
[BlackElo "1676"]
[PlyCount "151"]
[EventDate "2018.07.29"]
[EventType "swiss"]
[EventRounds "7"]
[EventCountry "ENG"]
[SourceTitle "CBM 186 Extra"]
[Source "ChessBase"]
[SourceDate "2018.08.24"]
[SourceVersion "1"]
[SourceVersionDate "2018.08.24"]
[SourceQuality "1"]

1. d4 Nf6 2. c4 e6 3. Nc3 Bb4 4. Qc2 d5 5. Nf3 Ne4 6. a3 Bxc3+ 7. bxc3 c6 8. e3 Nd7 9. Bd3 f5 10. 0-0 b6 11. Nd2 Nxd2 12. Bxd2 Ba6 13. cxd5 Bxd3 14. Qxd3 cxd5 15. c4 Nf6 16. cxd5 Qxd5 17. Rfc1 0-0 18. Qc4 Qxc4 19. Rxc4 Rac8 20. Rac1 Rxc4 21. Rxc4 Rf7 22. Bb4 Rd7 23. h3 Nd5 24. Bd2 Rc7 25. Rxc7 Nxc7 26. f3 Kf7 27. Kf2 Ne8 28. g4 g6 29. Bb4 a5 30. Bc3 Nd6 31. Ke2 Nb5 32. Bb2 Nd6 33. a4 Ke7 34. Ba3 Kd7 35. Kd3 Nf7 36. gxf5 gxf5 37. h4 e5 38. Kc4 Kc6 39. d5+ Kc7 40. Kb5 Kb7 41. Be7 e4 42. f4 Kc7 43. d6+ Nxd6+ 44. Bxd6+ Kxd6 45. Kxb6 Kd5 46. Kxa5 Kc4 47. Kb6 Kd3 48. a5 Kxe3 49. a6 Kf2 50. a7 e3 51. a8Q e2 52. Qa2 Kf1 53. Qc4 Kf2 54. Qd4+ Kf1 55. Qd3 Kf2 56. Qxf5 e1Q 57. Qc5+ Kg3 58. Qg5+ Kh3 59. f5 Qb4+ 60. Kc6 Qa5 61. Kd6 Qb6+ 62. Ke7 Qa5 63. Kf6 Qd8+ 64. Kg7 Qc7+ 65. Kh6 Qd6+ 66. f6 Qb6 67. h5 Qd6 68. Kxh7 Qd7+ 69. Qg7 Qf5+ 70. Qg6 Qd7+ 71. f7 Kh4 72. h6 Qe7 73. Qg7 Qe4+ 74. Kh8 Kh5 75. f8Q Qf4 76. Qff7+ 1-0

[Event "ENG Terafinal Challengers-B"]
[Site "Daventry"]
[Date "2017.08.13"]
[Round "6"]
[White "Clarkson, George"]
[Black "Hosdurga, Chirag"]
[Result "0-1"]
[WhiteElo "140"]
[BlackElo "154"]
[PlyCount "147"]
[EventDate "2017.08.12"]
[EventType "swiss"]
[EventRounds "6"]
[EventCountry "ENG"]
[SourceTitle "CBM 179 Extra"]
[Source "ChessBase"]
[SourceDate "2017.08.23"]
[SourceVersion "1"]
[SourceVersionDate "2017.08.23"]
[SourceQuality "1"]

1. e4 e5 2. Nf3 Nc6 3. d4 exd4 4. Bc4 Bb4+ 5. Bd2 Be7 6. Bf4 d6 7. Nxd4 Nxd4 8. Qxd4 Bf6 9. Qd5 Be6 10. Qd3 Bxb2 11. Bxe6 Qf6 12. Qb5+ Kf8 13. Qxb7 Re8 14. e5 Bxe5 15. Bd7 Bc3+ 16. Kd1 Qd4+ 17. Nd2 Bxd2 18. Bxd2 Qxa1+ 19. Bc1 Qd4+ 20. Bd2 Rd8 21. Qxc7 Qb6 22. Qc6 Qxc6 23. Bxc6 Ne7 24. Be4 f5 25. Bd3 Kf7 26. Bg5 Rhe8 27. Bxe7 Rxe7 28. Bxf5 Rde8 29. Bd3 Rb7 30. Kd2 g6 31. f3 Rb2 32. h3 Kg7 33. Bc4 Rb4 34. Kc3 Rb7 35. Rd1 Rd8 36. Rd5 Rc7 37. Kd3 Rc5 38. Rd4 Re5 39. Bb3 Kf6 40. f4 Rc5 41. g4 d5 42. Ke3 Rc3+ 43. Rd3 Rxd3+ 44. Kxd3 d4 45. Ke4 g5 46. f5 h6 47. Be6 Rd6 48. Kd3 Ke5 49. Kc4 Rc6+ 50. Kd3 Rc3+ 51. Ke2 Rxc2+ 52. Kd1 Rh2 53. Bc4 Rxh3 54. a4 Rg3 55. Be2 a5 56. Kd2 Rg2 57. Kd3 Rg3+ 58. Kd2 Ra3 59. Bb5 Ra2+ 60. Kd3 Ra3+ 61. Kd2 Ra2+ 62. Kd3 Rg2 63. f6 Kxf6 64. Kxd4 Rxg4+ 65. Kc5 h5 66. Kb6 h4 67. Kxa5 h3 68. Bc6 Rg1 69. Kb6 h2 70. a5 h1Q 71. Bxh1 Rxh1 72. a6 Ra1 73. a7 Kf5 74. Kc5 0-1

[Event "GBR-ch Soanes op 104th"]
[Site "Llandudno"]
[Date "2017.07.30"]
[Round "4"]
[White "Hosdurga, Chirag"]
[Black "MacDonald, Jamie"]
[Result "0-1"]
[WhiteElo "1411"]
[BlackElo "1698"]
[PlyCount "88"]
[EventDate "2017.07.28"]
[EventType "swiss"]
[EventRounds "5"]
[EventCountry "WLS"]
[SourceTitle "EXT 2019"]
[Source "ChessBase"]
[SourceDate "2018.10.10"]
[SourceVersion "1"]
[SourceVersionDate "2018.10.10"]
[SourceQuality "1"]

1. d4 Nf6 2. c4 e6 3. Nc3 d5 4. cxd5 exd5 5. Bg5 Nbd7 6. a3 Be7 7. e3 0-0 8. Bd3 c6 9. Nf3 Ne4 10. Bxe7 Qxe7 11. Qc2 f5 12. 0-0 Rf6 13. g3 Rh6 14. Kg2 Ndf6 15. h4 Ng4 16. Rae1 Rg6 17. Bxe4 fxe4 18. Ng1 Qxh4 19. gxh4 Nxe3+ 20. Kh2 Nxc2 21. Rd1 e3 22. f3 e2 23. Ngxe2 Ne3 24. Rde1 Nxf1+ 25. Rxf1 Rf6 26. f4 Bg4 27. Kg3 Bxe2 28. Nxe2 Re8 29. Kf3 h6 30. Nc3 Rxf4+ 31. Kg2 Rxf1 32. Kxf1 g5 33. hxg5 hxg5 34. Kg2 Kf7 35. Kg3 Kf6 36. Kg4 Re1 37. Kh5 Kf5 38. Kh6 g4 39. Kg7 g3 40. Nxd5 cxd5 41. b4 g2 42. b5 g1Q+ 43. Kf8 Qg6 44. b6 Re8# 0-1

[Event "BCF-ch U12"]
[Site "Bournemouth"]
[Date "2016.07.28"]
[Round "5"]
[White "Hosdurga, Chirag"]
[Black "Easwar, Dhruv"]
[Result "1-0"]
[WhiteElo "1667"]
[BlackElo "1357"]
[PlyCount "53"]
[EventDate "2016.07.24"]
[EventType "swiss"]
[EventRounds "7"]
[EventCountry "ENG"]
[SourceTitle "EXT 2017"]
[Source "ChessBase"]
[SourceDate "2016.10.25"]
[SourceVersion "1"]
[SourceVersionDate "2016.10.25"]
[SourceQuality "1"]

1. Nf3 d5 2. c4 e6 3. g3 Nf6 4. Bg2 Be7 5. 0-0 0-0 6. b3 dxc4 7. bxc4 Nc6 8. Bb2 Bd7 9. d3 h6 10. Nbd2 Nh7 11. Rb1 Rb8 12. Bc3 Bf6 13. Qc2 Bxc3 14. Qxc3 Qf6 15. Qc2 Qe7 16. Qc3 f5 17. d4 Qf6 18. Ne5 Be8 19. Nxc6 Bxc6 20. Bxc6 bxc6 21. Nf3 Rb6 22. c5 Ra6 23. Ne5 Qd8 24. Qc4 Qc8 25. Rb8 Qxb8 26. Qxe6+ Kh8 27. Ng6# 1-0

[Event "BCF-ch U12"]
[Site "Bournemouth"]
[Date "2016.07.27"]
[Round "4"]
[White "Baweja, Adiveer"]
[Black "Hosdurga, Chirag"]
[Result "0-1"]
[WhiteElo "962"]
[BlackElo "1667"]
[PlyCount "89"]
[EventDate "2016.07.24"]
[EventType "swiss"]
[EventRounds "7"]
[EventCountry "ENG"]
[SourceTitle "EXT 2017"]
[Source "ChessBase"]
[SourceDate "2016.10.25"]
[SourceVersion "1"]
[SourceVersionDate "2016.10.25"]
[SourceQuality "1"]

1. e4 c6 2. d4 d5 3. exd5 cxd5 4. Bd3 Qc7 5. c3 Nf6 6. Be3 e6 7. Nf3 Bd6 8. 0-0 0-0 9. h3 a6 10. Nbd2 Nbd7 11. Qc2 b5 12. Rac1 Bb7 13. Rfe1 Rfc8 14. a3 Rab8 15. Bg5 h6 16. Bxf6 Nxf6 17. b4 Nd7 18. Bh7+ Kf8 19. Bd3 Nb6 20. Re2 Na4 21. Nb3 Nxc3 22. Rd2 Na4 23. Qxc7 Rxc7 24. Rxc7 Bxc7 25. Nc5 Nxc5 26. bxc5 Bc6 27. Re2 a5 28. Ne5 Bxe5 29. Rxe5 b4 30. axb4 Rxb4 31. Re2 Rxd4 32. Bb1 Rd1+ 33. Kh2 Rxb1 34. Ra2 a4 35. f3 Rc1 36. f4 Rxc5 37. Rb2 a3 38. Rb8+ Ke7 39. Rc8 Kd6 40. Rd8+ Kc7 41. Rf8 a2 42. Rxf7+ Bd7 43. Rxg7 a1Q 44. Rg6 Qd4 45. Rf6 0-1

[Event "BCF-ch U12"]
[Site "Bournemouth"]
[Date "2016.07.26"]
[Round "3"]
[White "Hosdurga, Chirag"]
[Black "Rushbrooke, Remy"]
[Result "0-1"]
[WhiteElo "1667"]
[BlackElo "1586"]
[PlyCount "68"]
[EventDate "2016.07.24"]
[EventType "swiss"]
[EventRounds "7"]
[EventCountry "ENG"]
[SourceTitle "EXT 2017"]
[Source "ChessBase"]
[SourceDate "2016.10.25"]
[SourceVersion "1"]
[SourceVersionDate "2016.10.25"]
[SourceQuality "1"]

1. Nf3 f5 2. c4 Nf6 3. g3 g6 4. Bg2 d6 5. 0-0 Bg7 6. Nc3 0-0 7. d3 e5 8. Bd2 Nh5 9. Qc2 f4 10. Ne4 h6 11. Bc3 Nc6 12. b4 g5 13. Qb2 Bf5 14. b5 Ne7 15. Ned2 Ng6 16. Ne1 Bg4 17. Ne4 Qd7 18. f3 Be6 19. g4 Nf6 20. Nf2 h5 21. h3 d5 22. cxd5 Nxd5 23. Ne4 Ne3 24. Rf2 hxg4 25. hxg4 Bxg4 26. fxg4 Qxg4 27. Bd2 Nh4 28. Bb4 Rf5 29. Qb3+ Kh8 30. Nd2 e4 31. dxe4 Rxb5 32. Rb1 Nexg2 33. Nxg2 Bd4 34. Bc3 Qxg2# 0-1

[Event "BCF-ch U11"]
[Site "Coventry"]
[Date "2015.07.28"]
[Round "2"]
[White "Paleri, Adithya P"]
[Black "Hosdurga, Chirag"]
[Result "1-0"]
[WhiteElo "1557"]
[BlackElo "105"]
[PlyCount "99"]
[EventDate "2015.07.27"]
[EventType "swiss"]
[EventRounds "7"]
[EventCountry "ENG"]
[SourceTitle "EXT 2016"]
[Source "ChessBase"]
[SourceDate "2015.10.08"]
[SourceVersion "1"]
[SourceVersionDate "2015.10.08"]
[SourceQuality "1"]

1. d4 d5 2. Nf3 Nf6 3. c4 c6 4. Nc3 e6 5. Qd3 Nbd7 6. g3 Bd6 7. Bg2 0-0 8. 0-0 dxc4 9. Qxc4 e5 10. e4 Re8 11. Rd1 Nb6 12. Qd3 Qe7 13. dxe5 Bxe5 14. Nxe5 Qxe5 15. Bf4 Qh5 16. h4 Be6 17. b3 Re7 18. Rd2 Rd7 19. Qc2 Rxd2 20. Qxd2 h6 21. Re1 Re8 22. Qd4 Nfd7 23. Qd2 Qa5 24. Qc2 Nc5 25. Bd2 Nbd7 26. Na4 Qd8 27. Nxc5 Nxc5 28. Bxh6 Nxb3 29. Bxg7 Kxg7 30. axb3 Qb6 31. Re3 Rd8 32. Qc3+ Kf8 33. Qh8+ Ke7 34. Qc3 Rd1+ 35. Kh2 Rb1 36. Qe5 Rxb3 37. Rxb3 Qxb3 38. h5 Qb6 39. h6 f6 40. Qh5 Qd8 41. Qc5+ Kf7 42. Qxa7 Qc8 43. h7 Qh8 44. Qxb7+ Kg6 45. f4 Qxh7+ 46. Qxh7+ Kxh7 47. Bf1 Kg6 48. Bd3 Kh5 49. Kg2 Kg4 50. Be2# 1-0